| 000 | 01000cam a2200265 4500 | ||
|---|---|---|---|
| 001 | ABS63029 | ||
| 008 | 000000n2000 000 0 eng u | ||
| 035 | _a(Sirsi) u108893 | ||
| 100 | _aTinworth, A. | ||
| 245 | _aInternet stars go on co-location | ||
| 260 | _c2000 | ||
| 490 |
_aEstates Gazette _v(0040) 7 October 2000, 166-167(2) |
||
| 520 | _aDiscusses telehotels, or 'co-locations', which offer businesses a secure and inexpensive place to store their on-line hardware. Provides a brief history of co-location, and lists the physical and locational requirements for a building to become an internet hotel. Looks at reasons why London is home to a large number of telehotels. | ||
| 590 | _aABS | ||
| 650 | _aTELEHOTELS | ||
| 650 | _aCO-LOCATION FACILITIES | ||
| 650 | _aWEBSITES | ||
| 650 | _aHARDWARE | ||
| 650 | _aTELECOMMUNICATIONS | ||
| 650 | _aDEVELOPERS | ||
| 650 | _aEBUSINESS | ||
| 650 | _aINTERNET HOTELS | ||
| 690 | _aINFORMATION TECHNOLOGY-INTERNET | ||
| 942 | _n0 | ||
| 999 |
_c65011 _d65011 |
||